000 03362cam a22011894i 4500
003 PE-LiUPU
005 20250813185357.0
008 150623s r 000 0 d
020 _a9682444608
035 _a(Sirsi) i9789682444609
040 _aPE-LiUPU
_bspa
_cPE-LiUPU
_erda
049 _aPRUA
082 0 4 _a375.52
_bA33
_221
100 1 _aAlanís Huerta, Antonio,
_eautor.
245 1 3 _aLa formación de formadores :
_bfundamentos para el desarrollo de la investigación y la docencia /
_cAntonio Alanís Huerta.
264 1 _aMéxico :
_bTrillas,
_c1997.
300 _a104 páginas :
_bilustraciones, gráficos ;
_c23 centímetros
336 _atext
_2rdacontent
337 _aunmediated
_2rdamedia
338 _avolume
_2rdacarrier
504 _aIncluye bibliografía.
505 0 _aLa formación de formadores, aspectos conceptuales y operativos. -Seminarios y talleres de formación para la elaboración y desarrollo de proyectos de investigación. -Formación y proyecto personal de investigación. -La elaboración del currículo en los estudios de posgrado. Un proceso de formación-investigación basado en un enfoque andragógico. -En busca de la maestría andragógica. Un acercamiento metodológico fundado en la activación del proceso de formación, a partir de un enfoque coparticipativo. -Aplicaciones de la maestría andragógica en el diseño del currículo para los estudios de posgrado.
526 _aP202
526 _aP201
526 _aP163
526 _aP162
526 _aP161
526 _aP160
526 _aP148
526 _aP147
526 _aP146
526 _aP145
526 _aP144
526 _aP143
526 _aP142
526 _aP141
526 _aP140
526 _aP139
526 _aP138
526 _aP137
526 _aP136
526 _aP135
526 _aP134
526 _aP133
526 _aP129
526 _aP128
526 _aP127
526 _aP120
526 _aP119
526 _aP118
526 _aP116
526 _aP115
526 _aP114
526 _aP110
526 _aP109
526 _aP108
526 _aP104
526 _aP103
526 _aP102
526 _aP99
526 _aP98
526 _aP97
526 _aP96
526 _aP95
526 _aP93
526 _aP90
526 _aP89
526 _aP88
526 _aP83
526 _aP82
526 _aP62
526 _aP59
526 _aP58
526 _aP57
526 _aP51
526 _aP49
526 _aP48
526 _aP47
526 _aP29
526 _aP24
526 _aP20
526 _aP19
526 _aP17
526 _aP15
526 _aP14
526 _aP12
526 _aP10
526 _aP09
526 _aP08
526 _aP07
526 _aP06
526 _aP05
526 _aP04
526 _aP01
650 0 4 _aMaestros
_xCapacitación.
942 _2ddc
_cBOOK
949 _a375.52 A33
_wDEWEY
_c1
_i44897
_lCCODEBUL1
_mBUL
_r0
_sY
_tBOOK
_u2015-6-24
_xEDUCACION
_zUNKNOWN
_0COMPRA
_o.STAFF. Colección General
994 _aC0
_bPEPRU
596 _a1
999 _a375.52 A33
_wDEWEY
_c21768
_i44897
_f2021-11-8
_g5
_lCCODEBUL1
_mBUL
_r0
_sY
_tBOOK
_u2015-6-24
_xEDUCACION
_zUNKNOWN
_0COMPRA
_o.STAFF. Colección General
_d21768
980 _81
_gALBERTO SANCHEZ Responsable de Automatización